000 00739nam a2200289Ia 4500
005 20260324133013.0
008 008 260324s9999 xx 000 0 eng d
020 _a9781315246116
037 _aEBOOK
040 _aCRL
040 _beng
040 _cCRL
041 _2eng
041 _aeng
084 _qCRL
100 _aJames Clay Moltz; Adam N. Stulberg; Vladimir A. Orlov
_91191435
245 0 _aPreventing Nuclear Meltdown
245 0 _bManaging Decentralization of Russia's Nuclear Complex
260 _bTaylor and Francis
260 _c2004
365 _a
365 _b255
856 _uhttp://www.taylorfrancis.com/books/9781315246116
942 _cEBOOK
999 _c1790069
_d1790069